Bioética global, justicia y teología moral

-д хадгалсан:
Номзүйн дэлгэрэнгүй
Үндсэн зохиолч: Alarcos Martínez, Francisco José (Зохиогч)
Формат: Ном
Хэл сонгох:испани
Хэвлэсэн: Bilbao Desclée de Brouwer 2005
Цуврал:Cátedra de Bioética, 12
Нөхцлүүд:
Шошгууд: Шошго нэмэх
Шошго байхгүй, Энэхүү баримтыг шошголох эхний хүн болох!

MARC

LEADER 00000nam a2200000 a 4500
001 UCJ0795
003 CL-VaPUC
008 060908e20050000SP |||||||||||||||||spa|d
020 |a 843302017X 
082 0 4 |a 174.957  |b ALA  |2 21 
100 |a Alarcos Martínez, Francisco José  |e author  |9 533701 
245 1 0 |a Bioética global, justicia y teología moral 
300 |a 396 p 
942 |c BK 
945 |d 20060908 00:00:00  |a cmena 
260 |a Bilbao  |b Desclée de Brouwer  |c 2005 
650 0 |a Bioética  |9 256117 
650 0 |a Ética médica  |9 312024 
650 0 |a Teología moral   |9 256617 
650 0 |a Justicia   |9 255408 
583 |a last modification  |c 20190710 04:50:20  |k Rodrigo Vera 
490 0 |a Cátedra de Bioética, 12 
999 |c 317550  |d 317548 
952 |0 0  |1 0  |4 0  |6 174_957000000000000_ALA_2005  |7 0  |8 A  |9 394034  |a BIBTEO  |b BIBTEO  |d 2019-11-22  |i 4361687  |o 174.957 ALA 2005  |p 4361687  |r 2025-01-17  |w 2019-11-22  |y BK  |k ICR 
952 |0 0  |1 0  |2 ddc  |4 0  |6 174_957000000000000_ALA_2005  |7 0  |8 A  |9 394035  |a BIBTEO  |b BIBTEO  |d 2019-11-22  |i 4266471  |l 2  |m 3  |o 174.957 ALA 2005  |p 4266471  |r 2025-04-28  |s 2025-04-23  |w 2019-11-22  |x ltapia  |y BK  |k ICR